000 00270nam a2200109Ia 4500
005 20251222153537.0
008 251222s9999||||xx |||||||||||||| ||spa||
082 _a344.528/B22
245 0 _aCompendio de Legislación Anticorrupción
250 _a3era. ed.
942 _cLIB
999 _c30320
_d30320